Kehidupan Nabi Muhammad SAW / (Record no. 1315)

000 -LEADER
fixed length control field nam a22 a 4500
003 - CONTROL NUMBER IDENTIFIER
control field 297.61
005 - DATE AND TIME OF LATEST TRANSACTION
control field 20170509095247.0
008 - FIXED-LENGTH DATA ELEMENTS--GENERAL INFORMATION
fixed length control field 170509s1996 my 00 may d
020 ## - INTERNATIONAL STANDARD BOOK NUMBER
International Standard Book Number 9830770974 (kkt.) :
Terms of availability RM45.00
040 ## - CATALOGING SOURCE
Original cataloging agency AKMAL
082 04 - DEWEY DECIMAL CLASSIFICATION NUMBER
Classification number 297.63 KEH
090 00 - LOCALLY ASSIGNED LC-TYPE CALL NUMBER (OCLC); LOCAL CALL NUMBER (RLIN)
Classification number (OCLC) (R) ; Classification number, CALL (RLIN) (NR) 297.63
Local cutter number (OCLC) ; Book number/undivided call number, CALL (RLIN) KEH
100 1# - MAIN ENTRY--PERSONAL NAME
Personal name Al-Ismail, Tahia
9 (RLIN) 2594
245 10 - TITLE STATEMENT
Title Kehidupan Nabi Muhammad SAW /
Statement of responsibility, etc. Tahia al-Ismail ; penterjemah Siti Sujinah Sarnap
260 ## - PUBLICATION, DISTRIBUTION, ETC.
Place of publication, distribution, etc. Johor Bharu :
Name of publisher, distributor, etc. Perniagaan Jahabersa ,
Date of publication, distribution, etc. 1996
300 00 - PHYSICAL DESCRIPTION
Extent 520ms. ;
Dimensions 24cm.
500 ## - GENERAL NOTE
General note Terjemahan dari: The life of Muhammad SAW
600 00 - SUBJECT ADDED ENTRY--PERSONAL NAME
Personal name Muhammad,
Titles and other words associated with a name Prophet,
Dates associated with a name -632
9 (RLIN) 1135
650 #0 - SUBJECT ADDED ENTRY--TOPICAL TERM
Topical term or geographic name entry element Muhammad,
Location of event Prophet,
Active dates -632
General subdivision Family
9 (RLIN) 2530
650 #0 - SUBJECT ADDED ENTRY--TOPICAL TERM
Topical term or geographic name entry element Muhammad,
Location of event Prophet,
Active dates -632
General subdivision Companions
9 (RLIN) 2595
700 0# - ADDED ENTRY--PERSONAL NAME
Personal name Siti Sujinah Sarnap
9 (RLIN) 2532
942 ## - ADDED ENTRY ELEMENTS (KOHA)
Source of classification or shelving scheme
Koha item type Book
Holdings
Withdrawn status Lost status Source of classification or shelving scheme Damaged status Not for loan Collection code Home library Current library Shelving location Date acquired Inventory number Total Checkouts Full call number Barcode Date last seen Price effective from Koha item type
          NON-FICTION AKMAL Melaka AKMAL Melaka PINJAMAN 09.05.2017 00585   297.63 KEH 201702481 09.05.2017 09.05.2017 Book
Pusat Sumber Maklumat Dato' Haji Sarmin Md Hussin, Akademi Kastam Diraja Malaysia, Melaka
Tel: 06-2331106 | Faks: 06-2313787